| 000 | 00711nam a22002057a 4500 | ||
|---|---|---|---|
| 999 |
_c19977 _d19977 |
||
| 003 | AR-CdUCM | ||
| 008 | 190524b ||||| |||| 00| 0 spa d | ||
| 040 |
_aMUNICIPALIDAD PROVINCIAL DEL CUSCO _cBIBLIOTECA MUNICIPAL DEL CUSCO |
||
| 082 |
_a985.81 _bB95M |
||
| 100 |
_aBuse, H _925540 |
||
| 245 |
_aMar del Peru : _bPaisaje litoral y morfologia submarina / |
||
| 260 |
_aLima : _bTalleres gráficos Villanueva, _c1958. |
||
| 300 |
_a204 páginas _c26 cm. |
||
| 505 | _aContenido: Nuestro mar -- El ciclo de las aguas -- Del paisaje litoral... | ||
| 650 |
_aPasamayo _941796 |
||
| 650 |
_aNacimiento del océano _941797 |
||
| 650 |
_aFondo 6000 _941798 |
||
| 942 |
_2ddc _cLIBROS |
||
| 945 |
_aJavier _d2019-05-24 |
||